|
|
|
|
| LEADER |
00000nam a2200000 a 4500 |
| 001 |
vtls001290544 |
| 003 |
SK-MaSNL |
| 005 |
20260416165343.0 |
| 008 |
240315s1981 xx 0 und |
| 035 |
|
|
|a SNK000242192
|
| 040 |
|
|
|a SNK
|b slo
|c SNK
|e AACR2
|
| 100 |
1 |
|
|a Kostka, Vladimír,
|d 1922-
|4 aut
|9 113021
|
| 245 |
1 |
|
|a Teorie a didaktika ledního hokeje
|
| 260 |
|
|
|a Praha
|b Státní pedagogické nakladatelství
|c 1981
|
| 300 |
|
|
|a 190 s.
|
| 958 |
|
|
|a OND
|
| 999 |
|
|
|c 972707
|d 974637
|
| 952 |
|
|
|a SNK
|b SNK
|y VYP
|7 0
|p 17A0466162
|o snkIB 45466 D1
|i snkKIP 4593/81
|8 0
|3 rekatalogizácia
|0 0
|1 1
|4 0
|d 2005-04-21
|l 0
|r 2026-02-24 10:55:46
|w 2026-02-24
|
| 952 |
|
|
|t P60, <04>, [BOOK], {604}
|a SNK
|b SNK
|y VYP
|7 0
|p 17A0073510
|o snkIB 45466
|0 0
|1 0
|4 0
|d 1997-06-14
|l 0
|r 2005-01-02 00:00:00
|w 2026-02-24
|